[Event "DEM U16w 2019"]
[Site "Willingen GER"]
[Date "2019.06.13"]
[Round "7"]
[White "Basovskiy, Jana"]
[Black "Stowicek, Yara Mathilda"]
[Result "1-0"]
[Termination "normal"]
[Board "5"]
[WhiteElo "1761"]
[BlackElo "1692"]
[WhiteClock "00:23:36"]
[BlackClock "00:06:27"]
[PlyCount "131"]
[WhiteFideId "16208617"]
[BlackFideId "16203569"]
[EventCountry "GER"]
[EventRounds "9"]
[EventType "swiss"]
[EventDate "2019.06.08"]

1. e4 {[%clk 1:30:59]} 1... c5 {[%clk 1:30:56]} 2. Nf3 {[%clk 1:31:24]} 2... e6
{[%clk 1:31:20]} 3. d4 {[%clk 1:31:50]} 3... cxd4 {[%clk 1:31:41]} 4. Nxd4 {
[%clk 1:32:16]} 4... a6 {[%clk 1:31:54]} 5. Nc3 {[%clk 1:32:38]} 5... Qc7 {
[%clk 1:32:08]} 6. Bd3 {[%clk 1:32:59]} 6... Nf6 {[%clk 1:31:55]} 7. f4 { [%clk
1:32:12]} 7... d6 {[%clk 1:31:46]} 8. O-O {[%clk 1:32:12]} 8... Be7 { [%clk
1:30:13]} 9. Kh1 {[%clk 1:32:23]} 9... Nbd7 {[%clk 1:28:10]} 10. Bd2 { [%clk
1:30:33]} 10... b5 {[%clk 1:24:58]} 11. a3 {[%clk 1:30:07]} 11... Bb7 { [%clk
1:23:51]} 12. Qe2 {[%clk 1:29:44]} 12... O-O {[%clk 1:22:18]} 13. Rae1 { [%clk
1:18:33]} 13... Nc5 {[%clk 1:19:10]} 14. Nf3 {[%clk 1:04:23]} 14... Nxd3 {[%clk
1:13:06]} 15. cxd3 15... Rfd8 {[%clk 1:03:01]} 16. Rc1 {[%clk 1:02:19]} 16...
Qd7 {[%clk 1:02:21]} 17. Nd1 {[%clk 0:51:04]} 17... Rac8 {[%clk 1:00:53]} 18.
Nf2 {[%clk 0:51:25]} 18... Rxc1 {[%clk 0:50:17]} 19. Rxc1 {[%clk 0:51:45]}
19... Rc8 {[%clk 0:50:09]} 20. Qe1 {[%clk 0:46:02]} 20... Ne8 {[%clk 0:40:23]}
21. Bc3 {[%clk 0:41:44]} 21... d5 {[%clk 0:34:22]} 22. e5 {[%clk 0:36:27]}
22... f6 {[%clk 0:16:39]} 23. d4 {[%clk 0:35:20]} 23... Nc7 {[%clk 0:11:41]}
24. Nd3 {[%clk 0:32:48]} 24... Na8 {[%clk 0:10:42]} 25. Ba5 {[%clk 0:32:34]}
25... Nc7 {[%clk 0:08:46]} 26. Bb4 {[%clk 0:28:59]} 26... Na8 {[%clk 0:05:16]}
27. Ba5 {[%clk 0:17:40]} 27... Nc7 {[%clk 0:05:26]} 28. Nc5 {[%clk 0:17:45]}
28... Bxc5 {[%clk 0:04:57]} 29. Rxc5 {[%clk 0:18:03]} 29... Ne8 {[%clk 0:04:17]
} 30. Qc3 {[%clk 0:16:47]} 30... Kf7 {[%clk 0:02:39]} 31. Kg1 {[%clk 0:09:16]}
31... Kg8 {[%clk 0:02:04]} 32. Ne1 {[%clk 0:07:58]} 32... fxe5 {[%clk 0:01:19]}
33. fxe5 {[%clk 0:08:22]} 33... g6 {[%clk 0:01:28]} 34. Rxc8 {[%clk 0:04:48]}
34... Qxc8 {[%clk 0:01:40]} 35. Qxc8 {[%clk 0:05:08]} 35... Bxc8 { [%clk
0:02:07]} 36. Nd3 {[%clk 0:05:02]} 36... Ng7 {[%clk 0:02:13]} 37. g4 { [%clk
0:05:27]} 37... Kf7 {[%clk 0:01:42]} 38. Kf2 {[%clk 0:05:45]} 38... Ne8 { [%clk
0:01:43]} 39. Ke3 {[%clk 0:05:16]} 39... Ng7 {[%clk 0:01:42]} 40. Kf4 { [%clk
0:04:04]} 40... h6 {[%clk 0:01:57]} 41. Ke3 {[%clk 0:04:08]} 41... Ne8 { [%clk
0:02:17]} 42. Nf4 {[%clk 0:01:31]} 42... Ng7 {[%clk 0:01:05]} 43. Kd2 { [%clk
0:01:02]} 43... g5 {[%clk 0:30:10]} 44. Nd3 {[%clk 0:30:55]} 44... Ke7 { [%clk
0:29:46]} 45. Bb4+ {[%clk 0:30:25]} 45... Kf7 {[%clk 0:28:34]} 46. Kc3 { [%clk
0:30:09]} 46... Ne8 {[%clk 0:27:42]} 47. Ba5 {[%clk 0:30:11]} 47... Ng7 { [%clk
0:25:23]} 48. Kb4 {[%clk 0:27:02]} 48... h5 {[%clk 0:25:13]} 49. h3 { [%clk
0:27:29]} 49... hxg4 {[%clk 0:24:46]} 50. hxg4 {[%clk 0:27:50]} 50... Nf5
{[%clk 0:21:00]} 51. gxf5 {[%clk 0:25:10]} 51... exf5 {[%clk 0:21:15]} 52. Bd8
{[%clk 0:25:33]} 52... Kg6 {[%clk 0:19:50]} 53. Kc5 {[%clk 0:25:44]} 53... f4 {
[%clk 0:15:57]} 54. Kxd5 {[%clk 0:23:45]} 54... Bf5 {[%clk 0:14:55]} 55. Nxf4+
{[%clk 0:21:41]} 55... gxf4 {[%clk 0:15:01]} 56. Bh4 {[%clk 0:22:08]} 56... Kf7
{[%clk 0:14:08]} 57. Kd6 {[%clk 0:22:20]} 57... Bd3 {[%clk 0:09:43]} 58. d5 {
[%clk 0:22:32]} 58... Bc4 {[%clk 0:09:53]} 59. e6+ {[%clk 0:22:45]} 59... Ke8 {
[%clk 0:09:53]} 60. Ke5 {[%clk 0:23:10]} 60... b4 {[%clk 0:05:48]} 61. axb4 {
[%clk 0:22:51]} 61... Bb5 {[%clk 0:06:09]} 62. Kxf4 {[%clk 0:22:59]} 62... Ba4
{[%clk 0:06:07]} 63. Ke5 {[%clk 0:23:19]} 63... Bb5 {[%clk 0:06:14]} 64. d6 {
[%clk 0:22:50]} 64... Ba4 {[%clk 0:06:23]} 65. Kd5 {[%clk 0:23:16]} 65... Bb5 {
[%clk 0:06:27]} 66. Kc5 {[%clk 0:23:36]} 1-0

[Event "DEM U16w 2019"]
[Site "Willingen GER"]
[Date "2019.06.13"]
[Round "7"]
[White "Brunner, Sophia"]
[Black "Sokolowski, Judith"]
[Result "1-0"]
[Termination "normal"]
[Board "7"]
[WhiteElo "1839"]
[BlackElo "1749"]
[WhiteClock "00:04:36"]
[BlackClock "00:01:00"]
[PlyCount "137"]
[WhiteFideId "12960683"]
[BlackFideId "16200624"]
[EventCountry "GER"]
[EventRounds "9"]
[EventType "swiss"]
[EventDate "2019.06.08"]

1. d4 {[%clk 1:30:58]} 1... d5 {[%clk 1:30:58]} 2. Nf3 {[%clk 1:31:21]} 2... c6
{[%clk 1:31:18]} 3. e3 {[%clk 1:30:34]} 3... Bg4 {[%clk 1:30:41]} 4. c4 { [%clk
1:30:50]} 4... e6 {[%clk 1:30:27]} 5. Nc3 {[%clk 1:30:26]} 5... Nd7 { [%clk
1:29:40]} 6. h3 {[%clk 1:28:57]} 6... Bh5 {[%clk 1:29:08]} 7. Be2 { [%clk
1:27:25]} 7... Ngf6 {[%clk 1:28:46]} 8. O-O {[%clk 1:26:24]} 8... Bd6 { [%clk
1:27:44]} 9. b3 {[%clk 1:25:51]} 9... O-O {[%clk 1:27:18]} 10. Qc2 { [%clk
1:22:02]} 10... Re8 {[%clk 1:21:12]} 11. Bb2 {[%clk 1:16:54]} 11... dxc4 {[%clk
1:10:01]} 12. bxc4 {[%clk 1:16:48]} 12... e5 {[%clk 1:01:58]} 13. Rad1 { [%clk
0:53:28]} 13... Bg6 {[%clk 0:50:47]} 14. Qb3 {[%clk 0:52:01]} 14... exd4 {[%clk
0:42:31]} 15. exd4 {[%clk 0:49:28]} 15... Qc7 {[%clk 0:41:40]} 16. Nh4 { [%clk
0:41:30]} 16... Nf8 {[%clk 0:35:33]} 17. Ba3 {[%clk 0:30:51]} 17... Rad8 {[%clk
0:29:49]} 18. Bxd6 {[%clk 0:26:19]} 18... Rxd6 {[%clk 0:27:01]} 19. Nxg6 {[%clk
0:22:46]} 19... Nxg6 {[%clk 0:27:04]} 20. Rd2 {[%clk 0:21:37]} 20... Ne4 {[%clk
0:24:04]} 21. Nxe4 {[%clk 0:21:18]} 21... Rxe4 {[%clk 0:24:29]} 22. Rfd1 {[%clk
0:19:34]} 22... Qe7 {[%clk 0:18:28]} 23. Bf3 {[%clk 0:15:23]} 23... Rexd4
{[%clk 0:07:35]} 24. Rxd4 {[%clk 0:15:46]} 24... Rxd4 {[%clk 0:07:54]} 25. Rxd4
{[%clk 0:16:13]} 25... Qe1+ {[%clk 0:08:08]} 26. Kh2 {[%clk 0:16:34]} 26...
Qe5+ {[%clk 0:08:27]} 27. Kg1 {[%clk 0:14:14]} 27... Qxd4 {[%clk 0:08:51] } 28.
Qxb7 {[%clk 0:14:03]} 28... Qa1+ {[%clk 0:09:07]} 29. Kh2 {[%clk 0:14:29] }
29... Qxa2 {[%clk 0:06:42]} 30. Qxc6 {[%clk 0:12:29]} 30... Nf8 { [%clk
0:02:39]} 31. c5 {[%clk 0:08:37]} 31... a5 {[%clk 0:01:19]} 32. Qb7 { [%clk
0:05:05]} 32... g6 {[%clk 0:00:50]} 33. c6 {[%clk 0:04:41]} 33... Ne6 { [%clk
0:00:43]} 34. c7 {[%clk 0:04:18]} 34... Nxc7 {[%clk 0:00:58]} 35. Qxc7 { [%clk
0:04:48]} 35... a4 {[%clk 0:01:01]} 36. Qd8+ {[%clk 0:03:42]} 36... Kg7 { [%clk
0:01:25]} 37. Qd4+ {[%clk 0:03:55]} 37... Kg8 {[%clk 0:00:50]} 38. Bd5 { [%clk
0:03:24]} 38... Qc2 {[%clk 0:00:52]} 39. f3 {[%clk 0:00:52]} 39... Qc7+ { [%clk
0:00:59]} 40. Kg1 {[%clk 0:00:59]} 40... Qc1+ {[%clk 0:00:56]} 41. Kf2 { [%clk
0:28:46]} 41... a3 {[%clk 0:22:32]} 42. Qc4 {[%clk 0:25:45]} 42... Qd2+ { [%clk
0:16:08]} 43. Kg1 {[%clk 0:25:52]} 43... Qe3+ {[%clk 0:14:34]} 44. Kf1 { [%clk
0:24:48]} 44... Qe7 {[%clk 0:13:08]} 45. Kf2 {[%clk 0:20:32]} 45... Kg7 { [%clk
0:11:35]} 46. Qd4+ {[%clk 0:18:37]} 46... Kg8 {[%clk 0:10:25]} 47. Ba2 { [%clk
0:17:04]} 47... Qc7 {[%clk 0:09:41]} 48. Qc4 {[%clk 0:13:29]} 48... Qe7 { [%clk
0:08:50]} 49. f4 {[%clk 0:13:04]} 49... Qa7+ {[%clk 0:07:05]} 50. Ke2 { [%clk
0:12:12]} 50... Qb7 {[%clk 0:06:08]} 51. Kd3 {[%clk 0:11:53]} 51... Qa7 { [%clk
0:04:36]} 52. Qd5 {[%clk 0:08:40]} 52... Qc7 {[%clk 0:02:01]} 53. g3 { [%clk
0:08:29]} 53... Qe7 {[%clk 0:01:46]} 54. Kc3 {[%clk 0:06:46]} 54... Qe3+ {[%clk
0:01:07]} 55. Kb4 {[%clk 0:06:13]} 55... Qe7+ {[%clk 0:01:22]} 56. Ka4 { [%clk
0:05:47]} 56... Qa7+ {[%clk 0:01:32]} 57. Kb5 {[%clk 0:05:18]} 57... Qe7 {[%clk
0:01:14]} 58. Kc6 {[%clk 0:04:35]} 58... Qa7 {[%clk 0:01:08]} 59. Kd6 { [%clk
0:03:39]} 59... Qb6+ {[%clk 0:00:48]} 60. Ke7 {[%clk 0:03:09]} 60... Qc7+
{[%clk 0:00:46]} 61. Kf6 {[%clk 0:03:07]} 61... Qb6+ {[%clk 0:00:33]} 62. Kg5 {
[%clk 0:03:15]} 62... h6+ {[%clk 0:00:32]} 63. Kxh6 {[%clk 0:02:41]} 63... g5+
{[%clk 0:00:43]} 64. Kxg5 {[%clk 0:03:10]} 64... Qg6+ {[%clk 0:00:36]} 65. Kh4
{[%clk 0:03:38]} 65... Qh6+ {[%clk 0:00:33]} 66. Qh5 {[%clk 0:03:21]} 66... Qg7
{[%clk 0:00:32]} 67. Qg5 {[%clk 0:03:47]} 67... Kh8 {[%clk 0:00:33]} 68. Qxg7+
{[%clk 0:04:09]} 68... Kxg7 {[%clk 0:01:00]} 69. Kg5 {[%clk 0:04:36]} 1-0

[Event "DEM U16w 2019"]
[Site "Willingen GER"]
[Date "2019.06.13"]
[Round "7"]
[White "Schneider, Katharina"]
[Black "Klemke, Kassandra"]
[Result "0-1"]
[Termination "normal"]
[Board "9"]
[WhiteElo "1784"]
[BlackElo "1662"]
[WhiteClock "00:31:19"]
[BlackClock "00:25:03"]
[PlyCount "100"]
[WhiteFideId "16200519"]
[BlackFideId "16217128"]
[EventCountry "GER"]
[EventRounds "9"]
[EventType "swiss"]
[EventDate "2019.06.08"]

1. e4 {[%clk 1:30:57]} 1... c5 {[%clk 1:30:55]} 2. Nf3 {[%clk 1:31:21]} 2... d6
{[%clk 1:31:19]} 3. d4 {[%clk 1:31:46]} 3... cxd4 {[%clk 1:31:46]} 4. Nxd4 {
[%clk 1:32:11]} 4... Nf6 {[%clk 1:32:12]} 5. Nc3 {[%clk 1:32:33]} 5... a6 {
[%clk 1:32:37]} 6. f3 {[%clk 1:32:51]} 6... e6 {[%clk 1:32:54]} 7. Be3 { [%clk
1:33:01]} 7... b5 {[%clk 1:33:05]} 8. Qd2 {[%clk 1:33:05]} 8... Nfd7 { [%clk
1:32:15]} 9. O-O-O {[%clk 1:30:36]} 9... Nb6 {[%clk 1:32:20]} 10. g4 { [%clk
1:27:23]} 10... N8d7 {[%clk 1:31:58]} 11. h4 {[%clk 1:20:52]} 11... Ne5 { [%clk
1:30:18]} 12. b3 {[%clk 1:15:08]} 12... Bb7 {[%clk 1:27:26]} 13. g5 { [%clk
1:07:15]} 13... Rc8 {[%clk 1:24:12]} 14. f4 {[%clk 0:55:57]} 14... Ned7 { [%clk
1:14:46]} 15. Bg2 {[%clk 0:39:53]} 15... Qc7 {[%clk 1:08:55]} 16. Nce2 { [%clk
0:36:02]} 16... d5 {[%clk 1:06:49]} 17. e5 {[%clk 0:30:32]} 17... Be7 { [%clk
1:00:58]} 18. h5 {[%clk 0:27:47]} 18... Nc5 {[%clk 0:50:16]} 19. Rdf1 { [%clk
0:19:54]} 19... Ne4 {[%clk 0:46:17]} 20. Bxe4 {[%clk 0:19:34]} 20... dxe4
{[%clk 0:46:40]} 21. g6 {[%clk 0:19:06]} 21... Nd5 {[%clk 0:28:49]} 22. gxf7+ {
[%clk 0:15:02]} 22... Kxf7 {[%clk 0:29:12]} 23. Bg1 {[%clk 0:15:00]} 23... Bb4
{[%clk 0:26:35]} 24. Qd1 {[%clk 0:15:12]} 24... Nc3 {[%clk 0:25:20]} 25. Nxe6 {
[%clk 0:11:50]} 25... Ba3+ {[%clk 0:20:11]} 26. Kd2 {[%clk 0:10:15]} 26... Qd7+
{[%clk 0:20:17]} 27. N6d4 {[%clk 0:08:33]} 27... Nxd1 {[%clk 0:07:07]} 28. e6+
{[%clk 0:08:30]} 28... Qxe6 {[%clk 0:07:27]} 29. Nxe6 {[%clk 0:08:52]} 29...
e3+ {[%clk 0:07:25]} 30. Bxe3 {[%clk 0:05:33]} 30... Nxe3 {[%clk 0:07:40]} 31.
Ng5+ {[%clk 0:05:29]} 31... Ke7 {[%clk 0:07:02]} 32. Kxe3 {[%clk 0:04:32]}
32... Bxh1 {[%clk 0:07:10]} 33. Rxh1 {[%clk 0:04:58]} 33... Rxc2 { [%clk
0:07:10]} 34. Nd4 {[%clk 0:04:44]} 34... Rc5 {[%clk 0:02:22]} 35. Nge6 { [%clk
0:02:53]} 35... Rd5 {[%clk 0:01:16]} 36. Nxg7 {[%clk 0:02:23]} 36... Bc5 {[%clk
0:01:13]} 37. Nge6 {[%clk 0:02:17]} 37... Bxd4+ {[%clk 0:01:25]} 38. Nxd4
{[%clk 0:02:42]} 38... Re8 {[%clk 0:00:55]} 39. Nc6+ {[%clk 0:02:35]} 39...
Kf6+ {[%clk 0:00:46]} 40. Ne5 {[%clk 0:02:52]} 40... Red8 {[%clk 0:01:02] } 41.
a3 {[%clk 0:02:25]} 41... Rc5 {[%clk 0:29:02]} 42. Rb1 {[%clk 0:31:55]} 42...
Kf5 {[%clk 0:28:32]} 43. Ke2 {[%clk 0:29:35]} 43... Rc2+ {[%clk 0:28:03]} 44.
Ke3 {[%clk 0:29:52]} 44... Rc3+ {[%clk 0:28:18]} 45. Ke2 {[%clk 0:30:06]} 45...
Kxf4 {[%clk 0:28:01]} 46. Nf7 {[%clk 0:30:26]} 46... Rc2+ {[%clk 0:24:33] } 47.
Ke1 {[%clk 0:30:42]} 47... Rdd2 {[%clk 0:24:41]} 48. a4 {[%clk 0:30:37]} 48...
Rh2 {[%clk 0:24:42]} 49. Kd1 {[%clk 0:31:02]} 49... Rcg2 {[%clk 0:25:03]} 50.
axb5 {[%clk 0:31:19]} 50... Rg1# 0-1

[Event "DEM U16w 2019"]
[Site "Willingen GER"]
[Date "2019.06.13"]
[Round "7"]
[White "Jacoby, Angelina"]
[Black "Zell, Hannah"]
[Result "1/2-1/2"]
[Termination "normal"]
[Board "10"]
[WhiteElo "1412"]
[BlackElo "1494"]
[WhiteClock "00:10:07"]
[BlackClock "00:01:54"]
[PlyCount "77"]
[WhiteFideId "12999008"]
[BlackFideId "16208900"]
[EventCountry "GER"]
[EventRounds "9"]
[EventType "swiss"]
[EventDate "2019.06.08"]

1. d4 {[%clk 1:30:57]} 1... Nf6 {[%clk 1:30:55]} 2. Nf3 {[%clk 1:31:12]} 2...
d5 {[%clk 1:31:19]} 3. Bf4 {[%clk 1:31:31]} 3... c5 {[%clk 1:31:35]} 4. e3 {
[%clk 1:31:46]} 4... e6 {[%clk 1:31:59]} 5. Nbd2 {[%clk 1:29:45]} 5... Bd6 {
[%clk 1:32:17]} 6. Bg3 {[%clk 1:30:06]} 6... Bxg3 {[%clk 1:32:19]} 7. hxg3 {
[%clk 1:30:30]} 7... cxd4 {[%clk 1:32:20]} 8. exd4 {[%clk 1:30:37]} 8... Nc6 {
[%clk 1:30:42]} 9. c3 {[%clk 1:30:43]} 9... Bd7 {[%clk 1:27:16]} 10. Bd3 {
[%clk 1:31:03]} 10... h6 {[%clk 1:24:25]} 11. Qe2 {[%clk 1:30:41]} 11... Qc7 {
[%clk 1:09:56]} 12. Ne5 {[%clk 1:25:47]} 12... Nxe5 {[%clk 1:08:59]} 13. dxe5 {
[%clk 1:26:05]} 13... Ng8 {[%clk 1:02:22]} 14. Nf3 {[%clk 1:25:08]} 14... Ne7 {
[%clk 0:59:01]} 15. g4 {[%clk 1:22:10]} 15... O-O-O {[%clk 0:55:46]} 16. Nd4 {
[%clk 1:20:32]} 16... Nc6 {[%clk 0:51:32]} 17. O-O {[%clk 1:13:08]} 17... Nxe5
{[%clk 0:46:19]} 18. Bb5 {[%clk 1:11:36]} 18... a6 {[%clk 0:45:31]} 19. Bxd7+ {
[%clk 1:10:45]} 19... Rxd7 {[%clk 0:43:34]} 20. b4 {[%clk 1:07:35]} 20... Nc4 {
[%clk 0:42:12]} 21. a4 {[%clk 1:07:24]} 21... b6 {[%clk 0:37:59]} 22. Nb3 {
[%clk 1:00:10]} 22... Kd8 {[%clk 0:31:32]} 23. a5 {[%clk 0:57:58]} 23... b5 {
[%clk 0:30:58]} 24. Nc5 {[%clk 0:58:11]} 24... Rd6 {[%clk 0:31:02]} 25. Rad1 {
[%clk 0:57:06]} 25... Re8 {[%clk 0:24:19]} 26. Qf3 {[%clk 0:51:14]} 26... Ne5 {
[%clk 0:20:00]} 27. Qg3 {[%clk 0:43:11]} 27... f6 {[%clk 0:19:48]} 28. Rfe1 {
[%clk 0:40:54]} 28... Kc8 {[%clk 0:18:47]} 29. f4 {[%clk 0:35:06]} 29... Nd7 {
[%clk 0:18:11]} 30. Nxd7 {[%clk 0:34:37]} 30... Qxd7 {[%clk 0:17:54]} 31. f5 {
[%clk 0:32:59]} 31... e5 {[%clk 0:16:14]} 32. Re2 {[%clk 0:30:55]} 32... Kb7 {
[%clk 0:15:10]} 33. Red2 {[%clk 0:29:05]} 33... Rd8 {[%clk 0:11:56]} 34. Qe3 {
[%clk 0:27:44]} 34... Qc6 {[%clk 0:11:14]} 35. Rd3 {[%clk 0:21:26]} 35... Qc4 {
[%clk 0:09:45]} 36. Rxd5 {[%clk 0:09:22]} 36... Rxd5 {[%clk 0:05:25]} 37. Qb6+
{[%clk 0:09:46]} 37... Kc8 {[%clk 0:02:26]} 38. Qxa6+ {[%clk 0:09:47]} 38...
Kd7 {[%clk 0:01:54]} 39. Qe6+ {[%clk 0:10:07]} 1/2-1/2

[Event "DEM U16w 2019"]
[Site "Willingen GER"]
[Date "2019.06.13"]
[Round "7"]
[White "Genova, Magdalina"]
[Black "Peschel, Julia"]
[Result "1/2-1/2"]
[Termination "normal"]
[Board "13"]
[WhiteElo "1421"]
[BlackElo "1275"]
[WhiteClock "00:06:43"]
[BlackClock "00:14:40"]
[PlyCount "99"]
[WhiteFideId "2919753"]
[BlackFideId "16255593"]
[EventCountry "GER"]
[EventRounds "9"]
[EventType "swiss"]
[EventDate "2019.06.08"]

1. c4 {[%clk 1:30:56]} 1... e6 {[%clk 1:30:52]} 2. Nc3 {[%clk 1:31:18]} 2... d5
{[%clk 1:31:03]} 3. cxd5 {[%clk 1:31:38]} 3... exd5 {[%clk 1:31:29]} 4. d4 {
[%clk 1:30:52]} 4... Nf6 {[%clk 1:31:29]} 5. Bg5 {[%clk 1:31:02]} 5... Be7 {
[%clk 1:28:21]} 6. Nf3 {[%clk 1:27:32]} 6... c6 {[%clk 1:28:11]} 7. e3 { [%clk
1:23:35]} 7... h6 {[%clk 1:25:38]} 8. Bh4 {[%clk 1:21:03]} 8... Bf5 { [%clk
1:22:01]} 9. Bd3 {[%clk 1:13:10]} 9... Bxd3 {[%clk 1:13:35]} 10. Qxd3 { [%clk
1:11:55]} 10... Nbd7 {[%clk 1:13:12]} 11. O-O {[%clk 1:11:29]} 11... O-O {[%clk
1:12:21]} 12. Rab1 {[%clk 1:10:13]} 12... Re8 {[%clk 0:56:47]} 13. b4 { [%clk
1:07:14]} 13... Rc8 {[%clk 0:55:53]} 14. Rfc1 {[%clk 0:58:27]} 14... a6 { [%clk
0:40:57]} 15. a4 {[%clk 0:56:53]} 15... Rb8 {[%clk 0:29:55]} 16. b5 { [%clk
0:41:08]} 16... axb5 {[%clk 0:29:13]} 17. axb5 {[%clk 0:40:47]} 17... c5 {[%clk
0:28:01]} 18. dxc5 {[%clk 0:34:38]} 18... Nxc5 {[%clk 0:27:58]} 19. Qd4 {[%clk
0:08:31]} 19... Ne6 {[%clk 0:16:03]} 20. Qd3 {[%clk 0:07:25]} 20... Nc5 {[%clk
0:13:13]} 21. Qd4 {[%clk 0:07:13]} 21... Ne6 {[%clk 0:13:39]} 22. Qd3 { [%clk
0:06:53]} 22... g5 {[%clk 0:13:55]} 23. Bg3 {[%clk 0:07:05]} 23... Rc8 { [%clk
0:14:20]} 24. Ne2 {[%clk 0:06:47]} 24... Rxc1+ {[%clk 0:12:18]} 25. Rxc1 {[%clk
0:07:11]} 25... Bd6 {[%clk 0:12:30]} 26. Ned4 {[%clk 0:04:33]} 26... Bxg3
{[%clk 0:08:32]} 27. hxg3 {[%clk 0:04:58]} 27... Nxd4 {[%clk 0:08:43]} 28. Nxd4
{[%clk 0:04:51]} 28... Qd7 {[%clk 0:06:56]} 29. Nf5 {[%clk 0:03:45]} 29... Ne4
{[%clk 0:06:52]} 30. Nd4 {[%clk 0:03:15]} 30... Rc8 {[%clk 0:06:17]} 31. Rxc8+
{[%clk 0:02:27]} 31... Qxc8 {[%clk 0:06:46]} 32. Qc2 {[%clk 0:02:02]} 32... Qa8
{[%clk 0:06:05]} 33. Nf5 {[%clk 0:01:22]} 33... Qa1+ {[%clk 0:04:52]} 34. Kh2
{[%clk 0:01:43]} 34... Qf6 {[%clk 0:01:45]} 35. g4 {[%clk 0:01:33]} 35... h5
{[%clk 0:01:59]} 36. f3 {[%clk 0:01:45]} 36... Nd6 {[%clk 0:02:25]} 37. Nxd6
{[%clk 0:01:02]} 37... Qxd6+ 38. Kh3 {[%clk 0:01:05]} 38... h4 { [%clk
0:02:16]} 39. Qf2 {[%clk 0:01:09]} 39... Qc7 {[%clk 0:01:56]} 40. f4 { [%clk
0:01:29]} 40... Qc1 {[%clk 0:01:41]} 41. g3 {[%clk 0:01:27]} 41... hxg3 { [%clk
0:27:52]} 42. Kxg3 {[%clk 0:28:24]} 42... f6 {[%clk 0:27:21]} 43. Qe2 { [%clk
0:18:39]} 43... Qb1 {[%clk 0:24:34]} 44. f5 {[%clk 0:14:36]} 44... Qe4 { [%clk
0:22:50]} 45. Qd2 {[%clk 0:12:38]} 45... Kf7 {[%clk 0:17:11]} 46. Qc3 { [%clk
0:10:43]} 46... Qe7 {[%clk 0:16:11]} 47. Qb3 {[%clk 0:10:10]} 47... Qd6+ {[%clk
0:15:39]} 48. Kh3 {[%clk 0:08:45]} 48... Ke7 {[%clk 0:15:33]} 49. Qd3 { [%clk
0:07:28]} 49... Qc5 {[%clk 0:14:40]} 50. Kg3 {[%clk 0:06:43]} 1/2-1/2

[Event "DEM U12 2019"]
[Site "Willingen GER"]
[Date "2019.06.09"]
[Round "1"]
[White "Bakiev, Diyor"]
[Black "Hoppstädter, Daniel"]
[Result "1/2-1/2"]
[Termination "normal"]
[Board "1"]
[WhiteElo "2123"]
[BlackElo "1576"]
[WhiteClock "00:07:03"]
[BlackClock "00:12:55"]
[PlyCount "70"]
[WhiteFideId "16241584"]
[BlackFideId "16243625"]
[EventCountry "GER"]
[EventRounds "9"]
[EventType "swiss"]
[EventDate "2019.06.08"]

1. e4 {[%clk 1:30:47]} 1... c5 {[%clk 1:31:14]} 2. c3 {[%clk 1:31:14]} 2... Nf6
{[%clk 1:31:31]} 3. e5 {[%clk 1:31:40]} 3... Nd5 {[%clk 1:31:48]} 4. d4 { [%clk
1:32:06]} 4... cxd4 {[%clk 1:32:09]} 5. Nf3 {[%clk 1:32:32]} 5... e6 { [%clk
1:31:48]} 6. cxd4 {[%clk 1:32:57]} 6... Nc6 {[%clk 1:31:29]} 7. Bc4 { [%clk
1:32:25]} 7... Nb6 {[%clk 1:29:52]} 8. Bd3 {[%clk 1:32:22]} 8... d5 { [%clk
1:28:09]} 9. Nc3 {[%clk 1:31:23]} 9... Be7 {[%clk 1:26:24]} 10. O-O { [%clk
1:31:36]} 10... Bd7 {[%clk 1:25:50]} 11. Bf4 {[%clk 1:30:51]} 11... f5 { [%clk
1:24:14]} 12. exf6 {[%clk 1:30:39]} 12... Bxf6 {[%clk 1:24:27]} 13. Nb5 { [%clk
0:55:43]} 13... O-O {[%clk 1:16:14]} 14. Bc7 {[%clk 0:54:53]} 14... Qc8 { [%clk
1:13:25]} 15. Bd6 {[%clk 0:53:37]} 15... Be7 {[%clk 1:06:17]} 16. Ne5 { [%clk
0:51:44]} 16... Nxe5 {[%clk 0:59:56]} 17. Bxe5 {[%clk 0:40:31]} 17... Bxb5
{[%clk 0:58:28]} 18. Bxb5 {[%clk 0:40:50]} 18... Bg5 {[%clk 0:43:34]} 19. Qg4
{[%clk 0:39:03]} 19... Bh6 {[%clk 0:43:40]} 20. Rac1 {[%clk 0:38:43]} 20... Nc4
{[%clk 0:41:19]} 21. Bxc4 {[%clk 0:33:21]} 21... dxc4 {[%clk 0:41:20]} 22. Rc3
{[%clk 0:33:12]} 22... g6 {[%clk 0:40:31]} 23. h4 {[%clk 0:30:26]} 23... Rf5
{[%clk 0:39:01]} 24. Rh3 {[%clk 0:25:48]} 24... Qc6 {[%clk 0:37:39]} 25. Qe2
{[%clk 0:22:04]} 25... Bf4 {[%clk 0:31:42]} 26. Bxf4 {[%clk 0:19:37]} 26...
Rxf4 {[%clk 0:32:00]} 27. h5 {[%clk 0:18:28]} 27... Rf6 {[%clk 0:23:58]} 28.
Rg3 {[%clk 0:15:54]} 28... Raf8 {[%clk 0:20:26]} 29. Qc2 {[%clk 0:14:01]} 29...
Kg7 {[%clk 0:17:17]} 30. Rc3 {[%clk 0:12:09]} 30... b5 {[%clk 0:15:34]} 31. b3
{[%clk 0:11:36]} 31... cxb3 {[%clk 0:14:16]} 32. axb3 {[%clk 0:11:47]} 32...
Qd5 {[%clk 0:13:14]} 33. Rc7+ {[%clk 0:10:53]} 33... R8f7 {[%clk 0:13:06]} 34.
Rxf7+ 34... Rxf7 {[%clk 0:12:55]} 35. hxg6 {[%clk 0:07:03]} 35... hxg6 1/2-1/2